00677nam a2200181 a 450000500170000000800410001702000150005805000220007310000190009524500200011426000420013430000080017652001220018465000270030670000330033399900190036695201100038520140414131911.0100623s19uu xx 00 eng d a1561483605 aM 220.9bAl2 2002 aAlexander, Pat aMy first bible. aOxford, England :bGood Books,c2002. a480 aRetells Bible stories in simple language, from the genesis of our world to the revelation of a world that is to come. aBible storiesxEnglish awith pictures by Leon Baxter c111234d111234 001040aMUbMUcMd2010-06-23eBkRewardl0oM 220.9 Al2 2002pM1850r2014-04-14 00:00:00w2014-04-14yBK